000 00499cam a22002171 4500
001 sa 67005604
003 DLC
005 20260227112358.0
008 890811s1966 ii 000 1 beno
010 _asa 67005604
035 _a(OCoLC)20162270
040 _aDLC
_cWaU
_dDLC
042 _apremarc
050 0 0 _aPK1718.R313
_bA63
100 1 _aRay, Sushil,
_d1915-
245 1 0 _aAdvitīẏā.
260 _c[1966]
300 _a154 p.
_c22 cm.
500 _aIn Bengali.
500 _aA novel.
999 _c75305
_d75305